00775 2200205 4500001002100000005001500021035002000036245015700056100002700213300005400240856002200294700009600316260004600412082000800458084001400466020001800480008004100498250002000539990001000559INLIS00000000114817820260604122446 a0010-04260000231 aBUKU PINTAR ANTARIKSA /cPenulis.; Anggraeni Windi Gernia.; Penyunting.; Fira Husaini.; Pemeriksa aksara.; Shofa.; Yusva.; Perupa Isi.; Freepik premium0 aAnggraeni Windi Gernia aiii 28 halaman :bIlustrasi ;c19 x 26 cmekertas aperpustakaan umum0 aPenyunting.; Fira Husaini.; Pemeriksa aksara.; Shofa.; Yusva.; Perupa Isi.; Freepik premium aYogyakarta :bAnak Hebat Indonesia,c2024 a397 a397 AN b a9786231641427260604 0  aCetakan Pertama a//001